[Event "Titled Tue 20th May Early"]
[Site "chess.com INT"]
[Date "2025.05.20"]
[Round "7"]
[White "Vlassov, Nikolai"]
[Black "Timofeev, Artyom"]
[Result "0-1"]
[WhiteTitle "IM"]
[BlackTitle "GM"]
[WhiteElo "2291"]
[BlackElo "2548"]
[WhiteFideId "4103360"]
[BlackFideId "4140419"]
[EventDate "2025.05.20"]

1. e4 e6 2. d4 d5 3. exd5 exd5 4. Nf3 c5 5. Be3 c4 6. b3 cxb3 7. axb3 Nc6 8. c3
Bd6 9. Bd3 Nge7 10. O-O O-O 11. Re1 h6 12. Nbd2 Bf5 13. Be2 Re8 14. Nf1 Be4 15.
Ng3 a6 16. Qd2 Rc8 17. Qb2 Ng6 18. Nd2 Nh4 19. b4 Bxg2 20. b5 axb5 21. Qxb5 Qd7
22. c4 Qh3 23. cxd5 Rxe3 24. dxc6 Bxc6 25. Bf1 Rxe1 26. Rxe1 Qg4 27. Qd3 Qf4 28.
Nde4 Nf3+ 29. Kh1 Nxe1 0-1

[Event "Titled Tue 20th May Early"]
[Site "chess.com INT"]
[Date "2025.05.20"]
[Round "7"]
[White "Deichmann, Esteban Horacio"]
[Black "Logachiov, Aleksandr"]
[Result "1-0"]
[BlackTitle "CM"]
[WhiteElo "2085"]
[BlackElo "2129"]
[WhiteFideId "167410"]
[BlackFideId "24123706"]
[EventDate "2025.05.20"]

1. e4 c5 2. c3 d5 3. exd5 Qxd5 4. Nf3 Nf6 5. d4 Nc6 6. Na3 Bg4 7. Be2 cxd4 8.
Nb5 O-O-O 9. Nbxd4 e5 10. Nxc6 Qxc6 11. Qb3 Bc5 12. Bg5 Ne4 13. Bh4 g5 14. Bg3
Nxg3 15. hxg3 Be6 16. Qb5 Qxb5 17. Bxb5 f6 18. Rh6 Rdf8 19. Nxg5 fxg5 20. Rxe6
Bxf2+ 21. Ke2 Bxg3 22. Rd1 a6 23. Bd7+ Kb8 24. Re7 Rf2+ 25. Ke3 Rxb2 26. Bg4 h5
27. Bf3 Bf4+ 28. Ke4 g4 29. Bxg4 hxg4 30. Rg7 g3 31. c4 Rc8 32. Rdd7 Rxc4+ 33.
Kf5 Rcb4 34. a3 Rb6 35. a4 Rxg2 36. Rd8+ Ka7 37. Rgg8 Rbb2 38. a5 b5 39. Rd7# 1-0

[Event "Titled Tue 20th May Early"]
[Site "chess.com INT"]
[Date "2025.05.20"]
[Round "7"]
[White "Szpar, Milosz"]
[Black "Sjugirov, Sanan"]
[Result "0-1"]
[WhiteTitle "IM"]
[BlackTitle "GM"]
[WhiteElo "2475"]
[BlackElo "2638"]
[WhiteFideId "1184989"]
[BlackFideId "4189302"]
[EventDate "2025.05.20"]

1. e4 c5 2. c3 Nf6 3. e5 Nd5 4. Nf3 e6 5. d4 cxd4 6. cxd4 d6 7. Bc4 Be7 8. O-O
O-O 9. Qe2 Nc6 10. Rd1 Na5 11. Bd3 Nb4 12. Nc3 Nxd3 13. Rxd3 b6 14. b4 Nc4 15.
Bf4 Bb7 16. d5 dxe5 17. dxe6 Qe8 18. Nxe5 fxe6 19. Nxc4 Rxf4 20. Qxe6+ Qf7 21.
Qxf7+ Rxf7 22. a3 Rc8 23. Ne5 Rf5 24. Re1 Bf6 25. f4 Rxf4 26. Nd5 Bxd5 27. Rxd5
Re8 28. Nd3 Rxe1+ 29. Nxe1 Bd4+ 30. Rxd4 Rxd4 31. Kf2 Rd2+ 32. Ke3 Ra2 0-1

[Event "Titled Tue 20th May Early"]
[Site "chess.com INT"]
[Date "2025.05.20"]
[Round "7"]
[White "Kim, Sergey"]
[Black "Weetik, Vjacheslav"]
[Result "1/2-1/2"]
[WhiteTitle "FM"]
[BlackTitle "FM"]
[WhiteElo "2295"]
[BlackElo "2423"]
[WhiteFideId "13700570"]
[BlackFideId "4153472"]
[EventDate "2025.05.20"]

1. d4 d5 2. c4 c6 3. Nf3 Nf6 4. Qc2 g6 5. e3 Bg7 6. Bd3 dxc4 7. Qxc4 O-O 8. O-O
Bf5 9. Bxf5 gxf5 10. Nc3 e6 11. Qe2 Nbd7 12. Rd1 Ne4 13. Bd2 Nb6 14. Be1 Nd5 15.
Ne5 Qe7 16. Nxd5 cxd5 17. f3 Nd6 18. Bb4 f6 19. Nd3 Rfc8 20. Rac1 Bf8 21. Qe1
Qg7 22. Nf4 Qd7 23. Qh4 Bg7 24. Nh5 Ne8 25. Qg3 Qf7 26. Nf4 Kh8 27. Qh4 b6 28.
h3 a5 29. Ba3 Kg8 30. Qg3 Kh8 31. Qh4 Kg8 32. Qg3 Kh8 33. Qh4 1/2-1/2

[Event "Titled Tue 20th May Early"]
[Site "chess.com INT"]
[Date "2025.05.20"]
[Round "7"]
[White "Suvradeepta, Das"]
[Black "Skytte, Robert"]
[Result "1-0"]
[WhiteTitle "FM"]
[WhiteElo "2254"]
[BlackElo "2007"]
[WhiteFideId "5058031"]
[BlackFideId "1471775"]
[EventDate "2025.05.20"]

1. d4 d5 2. Nf3 c5 3. g3 Nc6 4. dxc5 e5 5. c4 Nf6 6. cxd5 Nxd5 7. Bg2 Bxc5 8.
O-O Be6 9. Ng5 O-O 10. Nxe6 fxe6 11. Nd2 Nf6 12. e3 Nd5 13. Ne4 Be7 14. b3 Qb6
15. Bb2 Rad8 16. Qe2 Ncb4 17. Bxe5 Bf6 18. Nxf6+ Nxf6 19. Rfd1 Nfd5 20. Bh3 Nc6
21. Bxe6+ Kh8 22. Bxg7+ Kxg7 23. Bxd5 Qc5 24. Bg2 Qe5 25. Qg4+ Kh8 26. Bxc6 bxc6
27. Rd4 Rxd4 28. Qxd4 Qxd4 29. exd4 Rd8 30. Rc1 Rxd4 31. Rxc6 Rd1+ 32. Kg2 Rd2
33. Rc8+ Kg7 34. Rc7+ Kh6 35. Rxa7 1-0

[Event "Titled Tue 20th May Early"]
[Site "chess.com INT"]
[Date "2025.05.20"]
[Round "7"]
[White "Zepeda Berlanga, Jan Enrique"]
[Black "Rossi, Maximiliano"]
[Result "0-1"]
[WhiteTitle "CM"]
[WhiteElo "1941"]
[BlackElo "2013"]
[WhiteFideId "5132355"]
[BlackFideId "113425"]
[EventDate "2025.05.20"]

1. e4 e6 2. d4 d5 3. Nc3 dxe4 4. Nxe4 Bd7 5. Bd3 Bc6 6. Ne2 Bxe4 7. Bxe4 c6 8.
O-O Nf6 9. Bd3 g6 10. c3 Bg7 11. Bg5 O-O 12. Qd2 Qc7 13. Ng3 Nbd7 14. h4 c5 15.
Rac1 cxd4 16. cxd4 Qb6 17. h5 Nd5 18. hxg6 hxg6 19. Rc4 Rfc8 20. Rfc1 Rxc4 21.
Rxc4 Bxd4 22. Be4 Bf6 23. Bxd5 exd5 24. Qxd5 Bxg5 25. Qxg5 Qe6 26. Rh4 Qf6 27.
Qxf6 Nxf6 28. Rb4 b6 29. Kf1 Rc8 30. Ke2 Rc2+ 31. Ke3 Nd5+ 0-1

[Event "Titled Tue 20th May Early"]
[Site "chess.com INT"]
[Date "2025.05.20"]
[Round "7"]
[White "Beniosev, Daniel"]
[Black "Thorhallsson, Simon"]
[Result "1-0"]
[WhiteTitle "CM"]
[BlackTitle "FM"]
[WhiteElo "2010"]
[BlackElo "2218"]
[WhiteFideId "11632674"]
[BlackFideId "2310090"]
[EventDate "2025.05.20"]

1. e4 g6 2. Nc3 Bg7 3. g3 c5 4. Bg2 Nc6 5. d3 d6 6. Be3 Nf6 7. h3 O-O 8. Nge2
Rb8 9. f4 Nd7 10. O-O Nd4 11. Qd2 b5 12. g4 b4 13. Nd1 Nxe2+ 14. Qxe2 a5 15. g5
a4 16. Rb1 Ba6 17. h4 Qc7 18. b3 axb3 19. axb3 Bb7 20. Nf2 Ra8 21. Ng4 Ra2 22.
f5 Bd4 23. Bxd4 cxd4 24. Nh6+ Kg7 25. fxg6 hxg6 26. Rf2 Ne5 27. Rbf1 Ba6 28. Qd1
f6 29. h5 gxh5 30. Qxh5 Rxc2 31. Nf5+ Kg8 32. Rxc2 Qxc2 33. Nxe7+ Kg7 34. gxf6+
Rxf6 35. Qg5+ Kf8 36. Qxf6+ Ke8 37. Nd5 1-0

[Event "Titled Tue 20th May Early"]
[Site "chess.com INT"]
[Date "2025.05.20"]
[Round "7"]
[White "Dinesh, Rajan M"]
[Black "Carnicelli, Valerio"]
[Result "0-1"]
[WhiteTitle "CM"]
[BlackTitle "FM"]
[WhiteElo "2133"]
[BlackElo "2396"]
[WhiteFideId "35060600"]
[BlackFideId "856185"]
[EventDate "2025.05.20"]

1. e4 d6 2. d4 Nf6 3. Nd2 e5 4. d5 Be7 5. h3 O-O 6. c4 c6 7. Bd3 Nbd7 8. Ne2 Nc5
9. Bc2 a5 10. b3 cxd5 11. exd5 b5 12. cxb5 Nxd5 13. Ne4 Bb7 14. Nxc5 dxc5 15.
O-O f5 16. Bd3 Kh8 17. Bb2 Qc7 18. Bc4 Rad8 19. Qc1 e4 20. Rd1 f4 21. Bxd5 Bxd5
22. Nxf4 Qxf4 23. Qxf4 Rxf4 24. b6 Rff8 25. Bc3 Bf6 26. Rac1 Bg5 27. Bd2 Be7 28.
Bxa5 Bb7 29. b4 cxb4 30. Rxd8 Rxd8 31. Rc4 Rd1+ 32. Kh2 Bd6+ 33. g3 e3 34. f3 e2
35. Bxb4 Bxb4 36. Rxb4 e1=Q 37. h4 Qh1# 0-1

[Event "Titled Tue 20th May Early"]
[Site "chess.com INT"]
[Date "2025.05.20"]
[Round "7"]
[White "Ramu, K."]
[Black "Mansurova, Mumtozbegim"]
[Result "1-0"]
[WhiteTitle "FM"]
[BlackTitle "WCM"]
[WhiteElo "2151"]
[BlackElo "1768"]
[WhiteFideId "5006171"]
[BlackFideId "14215780"]
[EventDate "2025.05.20"]

1. e4 c5 2. Nf3 Nc6 3. d3 e5 4. Nc3 d6 5. g3 g6 6. Bg2 Bg7 7. O-O Nge7 8. Nd2
O-O 9. Nc4 f5 10. Nb5 f4 11. Nbxd6 Nd4 12. Nxc8 Rxc8 13. c3 Ne6 14. a4 Ng5 15.
Qb3 Kh8 16. Qxb7 Qxd3 17. Qxe7 f3 18. Bxg5 fxg2 19. Kxg2 Qxe4+ 20. Kg1 Qxc4 21.
Rad1 Rf7 22. Rd8+ Rxd8 23. Qxd8+ Rf8 24. Qc7 Qxa4 25. Qxc5 Qc2 26. b4 e4 27. Rc1
Qa2 28. Be3 a6 29. Bd4 Qb2 30. Qxf8# 1-0

[Event "Titled Tue 20th May Early"]
[Site "chess.com INT"]
[Date "2025.05.20"]
[Round "7"]
[White "Maiorov, Nikita1"]
[Black "Volkov, Maksim"]
[Result "0-1"]
[WhiteTitle "GM"]
[BlackTitle "FM"]
[WhiteElo "2472"]
[BlackElo "2370"]
[WhiteFideId "13501720"]
[BlackFideId "54123070"]
[EventDate "2025.05.20"]

1. e4 c5 2. Nf3 d6 3. Bb5+ Nd7 4. d4 cxd4 5. Qxd4 a6 6. Bxd7+ Bxd7 7. O-O Rc8 8.
c4 e5 9. Qd3 b5 10. Nbd2 Nf6 11. b3 Be7 12. Bb2 O-O 13. Rac1 Qa5 14. Rfd1 Rfd8
15. a3 h6 16. Bc3 Qxa3 17. Ra1 Qc5 18. Rxa6 bxc4 19. bxc4 Be6 20. Ra5 Bxc4 21.
Qc2 Qc6 22. Rc1 Be6 23. Qd3 Qb6 24. Rb5 Qa6 25. Rd5 Qa3 26. Rc2 Bxd5 27. exd5
Rc5 28. Nc4 Qa6 29. Bb4 Rxd5 30. Qc3 Rc8 31. Ne1 Rd1 32. Rc1 Rxc1 33. Qxc1 Rxc4
34. Qxc4 Qxc4 0-1

[Event "Titled Tue 20th May Early"]
[Site "chess.com INT"]
[Date "2025.05.20"]
[Round "7"]
[White "Przybylski, Bartosz"]
[Black "Shandrygin, Nikita"]
[Result "0-1"]
[WhiteTitle "CM"]
[BlackTitle "FM"]
[WhiteElo "2107"]
[BlackElo "2209"]
[WhiteFideId "21878323"]
[BlackFideId "24198668"]
[EventDate "2025.05.20"]

1. d4 d5 2. Nc3 Nc6 3. Bf4 e5 4. dxe5 d4 5. Ne4 f6 6. exf6 Nxf6 7. Qd3 Bf5 8.
Nd6+ Bxd6 9. Qxf5 Bxf4 10. Qxf4 O-O 11. O-O-O Qd5 12. e3 Qxa2 13. exd4 Qa1+ 14.
Kd2 Qxb2 15. Bc4+ Kh8 16. Nf3 Qb4+ 17. Kd3 Nh5 18. Qe3 Nf4+ 19. Ke4 Qxc4 20. Ne5
Qd5# 0-1

[Event "Titled Tue 20th May Early"]
[Site "chess.com INT"]
[Date "2025.05.20"]
[Round "7"]
[White "Tsolakidou, Stavroula"]
[Black "Schnaider, Ilan"]
[Result "0-1"]
[WhiteTitle "IM"]
[BlackTitle "IM"]
[WhiteElo "2428"]
[BlackElo "2388"]
[WhiteFideId "4264312"]
[BlackFideId "169013"]
[EventDate "2025.05.20"]

1. e4 c5 2. Nf3 e6 3. c3 d5 4. e5 d4 5. d3 Nc6 6. g3 Nge7 7. Bg2 Ng6 8. Qe2 Qc7
9. Na3 a6 10. O-O Be7 11. cxd4 cxd4 12. Nc4 O-O 13. h4 b5 14. Ncd2 Bb7 15. Re1
h5 16. Ne4 Ncxe5 17. Nfg5 Bxe4 18. Bxe4 Bxg5 19. Bxg5 f6 20. Bd2 f5 21. Bxa8
Rxa8 22. Bf4 Nxf4 23. gxf4 Nf7 24. Qxe6 Qxf4 25. Qd5 Rd8 26. Qg2 Qxh4 27. Re6
Ng5 28. Rg6 Nh3+ 29. Kf1 Nf4 30. Rxg7+ Kh8 0-1

[Event "Titled Tue 20th May Early"]
[Site "chess.com INT"]
[Date "2025.05.20"]
[Round "7"]
[White "Iskusnyh, Sergei"]
[Black "Maycock Bates, David Henry"]
[Result "1-0"]
[WhiteTitle "GM"]
[BlackTitle "CM"]
[WhiteElo "2440"]
[BlackElo "2274"]
[WhiteFideId "4120027"]
[BlackFideId "5142547"]
[EventDate "2025.05.20"]

1. d4 Nf6 2. c4 e6 3. g3 c5 4. Nf3 cxd4 5. Nxd4 Nc6 6. Bg2 Bc5 7. Nb3 Be7 8. Nc3
O-O 9. O-O b6 10. Bf4 Bb7 11. Nb5 e5 12. Bg5 d6 13. Bxf6 Bxf6 14. Nxd6 Qc7 15.
Nxb7 Qxb7 16. Qd5 Rac8 17. Rfd1 Qb8 18. Rac1 a5 19. Qb5 Nd4 20. Nxd4 exd4 21.
Be4 Rc5 22. Qd7 Re8 23. Bd3 g6 24. Qg4 h5 25. Qf3 h4 26. Qxf6 h3 27. Qf3 Rce5
28. Qg4 1-0

[Event "Titled Tue 20th May Early"]
[Site "chess.com INT"]
[Date "2025.05.20"]
[Round "7"]
[White "Bold, Andre"]
[Black "Neustroev, Victor"]
[Result "1-0"]
[WhiteTitle "CM"]
[BlackTitle "FM"]
[WhiteElo "2235"]
[BlackElo "2283"]
[WhiteFideId "16208471"]
[BlackFideId "4144147"]
[EventDate "2025.05.20"]

1. d4 d5 2. Bf4 c5 3. e3 Nc6 4. Nc3 cxd4 5. exd4 a6 6. Nf3 Bf5 7. a3 e6 8. Bd3
Bxd3 9. Qxd3 Nf6 10. O-O Bd6 11. Bxd6 Qxd6 12. Rfe1 O-O 13. h3 Rac8 14. Ne5 b5
15. Nxc6 Rxc6 16. Na2 Rfc8 17. c3 Rc4 18. Nc1 a5 19. Nb3 Qd8 20. Nc5 Nd7 21. b4
Nxc5 22. bxc5 Rb8 23. Rab1 g6 24. Rb3 Kg7 25. Reb1 Ra4 26. g3 Qd7 27. Kg2 Rc4
28. h4 Qc6 29. Qe3 f6 30. Re1 Re8 31. Reb1 e5 32. Rxb5 exd4 33. Rb7+ 1-0

[Event "Titled Tue 20th May Early"]
[Site "chess.com INT"]
[Date "2025.05.20"]
[Round "7"]
[White "Zmijanac, Dusko"]
[Black "Dicen, Elis Denele"]
[Result "0-1"]
[WhiteTitle "FM"]
[BlackTitle "WFM"]
[WhiteElo "1977"]
[BlackElo "2135"]
[WhiteFideId "908762"]
[BlackFideId "462560"]
[EventDate "2025.05.20"]

1. d4 d5 2. c4 e6 3. Nf3 Nf6 4. g3 Bd6 5. Bg2 O-O 6. O-O Nc6 7. Nc3 dxc4 8. e4
e5 9. d5 Na5 10. Qe2 a6 11. a4 Bg4 12. h3 Bxf3 13. Qxf3 Nb3 14. Rb1 Nd4 15. Qd1
b5 16. axb5 axb5 17. Be3 b4 18. Ne2 c5 19. dxc6 Nxc6 20. Qc2 Na5 21. Rfd1 Qc7
22. Bg5 Nd7 23. Rd5 Nb6 24. Rdd1 f6 25. Be3 Bc5 26. Bxc5 Qxc5 27. Bf3 Rad8 28.
Kg2 Nb3 29. Rxd8 Rxd8 30. Rd1 Nd4 31. Nxd4 exd4 32. Qd2 c3 33. bxc3 bxc3 34. Qd3
Nc4 35. Rc1 Ne5 36. Qe2 d3 37. Qa2+ Kh8 38. Bd1 d2 39. Rc2 Nd3 0-1

[Event "Titled Tue 20th May Early"]
[Site "chess.com INT"]
[Date "2025.05.20"]
[Round "7"]
[White "Vyom Malhotra"]
[Black "Andrade, Ivan"]
[Result "0-1"]
[WhiteTitle "CM"]
[BlackTitle "FM"]
[WhiteElo "1975"]
[BlackElo "2161"]
[WhiteFideId "33383561"]
[BlackFideId "14800039"]
[EventDate "2025.05.20"]

1. Nf3 Nf6 2. b3 d6 3. d4 g6 4. Bb2 Bg7 5. Nbd2 d5 6. e3 Nbd7 7. Bd3 c5 8. O-O
O-O 9. c4 cxd4 10. exd4 dxc4 11. bxc4 Nb6 12. Qb3 Bd7 13. a4 Rb8 14. a5 Na8 15.
Ne5 Be6 16. d5 Bc8 17. Rae1 Nd7 18. Nxd7 Bxd7 19. Ba3 Re8 20. Ne4 Qxa5 21. Nc5
Qc7 22. Nxd7 Qxd7 23. c5 Nc7 24. Bc4 b5 25. cxb6 Rxb6 26. Qa2 Nb5 27. d6 Nxd6
28. Bxd6 exd6 29. Bxf7+ Qxf7 30. Rxe8+ Bf8 31. Qe2 d5 32. Rd8 Rd6 33. Rxd6 Bxd6
34. Qa6 Bc5 35. Qc8+ Qf8 36. Qe6+ Qf7 37. Qc6 Bb6 38. Re1 Qxf2+ 0-1

[Event "Titled Tue 20th May Early"]
[Site "chess.com INT"]
[Date "2025.05.20"]
[Round "7"]
[White "Flis, Pawel"]
[Black "Bodemar, Jonathan"]
[Result "1-0"]
[WhiteTitle "CM"]
[BlackTitle "CM"]
[WhiteElo "1954"]
[BlackElo "2150"]
[WhiteFideId "1112864"]
[BlackFideId "6205488"]
[EventDate "2025.05.20"]

1. e4 e6 2. d4 d5 3. Bd3 dxe4 4. Bxe4 Nf6 5. Bf3 Bd6 6. Ne2 O-O 7. O-O c6 8. c4
Nbd7 9. Nbc3 Re8 10. Bf4 e5 11. dxe5 Nxe5 12. Bxe5 Bxe5 13. Qxd8 Rxd8 14. Rad1
Be6 15. b3 g5 16. h3 h5 17. Ne4 Nxe4 18. Bxe4 f5 19. Bc2 f4 20. f3 Kg7 21. Rxd8
Rxd8 22. Rd1 Rxd1+ 23. Bxd1 Bf5 24. Kf2 Bb2 25. g4 Bb1 26. a4 h4 27. Ke1 c5 28.
Kd2 Kf6 29. Bc2 Bxc2 30. Kxc2 Ke5 31. Kxb2 1-0

[Event "Titled Tue 20th May Early"]
[Site "chess.com INT"]
[Date "2025.05.20"]
[Round "7"]
[White "Gutierrez Olivares, Daniel"]
[Black "Maltsevskaya, Aleksandra"]
[Result "0-1"]
[WhiteTitle "FM"]
[BlackTitle "IM"]
[WhiteElo "2354"]
[BlackElo "2398"]
[WhiteFideId "2264005"]
[BlackFideId "24174041"]
[EventDate "2025.05.20"]

1. Nf3 Nf6 2. g3 g6 3. Bg2 Bg7 4. O-O O-O 5. c4 d6 6. Nc3 Nbd7 7. Rb1 e5 8. b4
a5 9. b5 Nc5 10. a4 Rb8 11. d3 e4 12. Ne1 exd3 13. Nxd3 Nxd3 14. Qxd3 Bf5 15. e4
Be6 16. b6 cxb6 17. Nb5 Rc8 18. Na3 Nd7 19. Qxd6 Bxc4 20. Nxc4 Rxc4 21. Rd1 Rb4
22. Rxb4 axb4 23. Qxd7 Qxd7 24. Rxd7 Rc8 25. Rd1 b3 26. Be3 b2 27. Bf1 h5 28. f4
Rc3 29. Kf2 Ra3 30. Bb5 Ra1 31. Rd8+ Kh7 32. Bd3 Rd1 0-1

[Event "Titled Tue 20th May Early"]
[Site "chess.com INT"]
[Date "2025.05.20"]
[Round "7"]
[White "Dyulgerov, Volen"]
[Black "Tran, Vo Quoc Bao"]
[Result "0-1"]
[WhiteTitle "CM"]
[WhiteElo "2200"]
[BlackElo "2096"]
[WhiteFideId "2918978"]
[BlackFideId "12425184"]
[EventDate "2025.05.20"]

1. e4 c5 2. d4 cxd4 3. c3 dxc3 4. Nxc3 Nc6 5. Bc4 d6 6. Nf3 Nf6 7. O-O e6 8. Re1
Be7 9. Bg5 O-O 10. Qd2 Bd7 11. Rad1 Rc8 12. Bb3 Be8 13. Qf4 Qa5 14. Bxf6 gxf6
15. Rd5 exd5 16. Nxd5 Qd8 17. Nh4 Bd7 18. Re3 Ne5 19. Rg3+ Kh8 20. Qh6 Rg8 21.
Rxg8+ Kxg8 22. h3 Qf8 23. Qh5 Bd8 24. f4 Ng6 25. Nxg6 hxg6 26. Nxf6+ Bxf6 27.
Qxg6+ Qg7 28. Bxf7+ Kf8 0-1

[Event "Titled Tue 20th May Early"]
[Site "chess.com INT"]
[Date "2025.05.20"]
[Round "7"]
[White "Jovic, Stanoje"]
[Black "Emeliantsev, Anatoliy"]
[Result "1-0"]
[WhiteTitle "FM"]
[BlackTitle "FM"]
[WhiteElo "2096"]
[BlackElo "2359"]
[WhiteFideId "905020"]
[BlackFideId "4160681"]
[EventDate "2025.05.20"]

1. c4 Nf6 2. g3 g6 3. Bg2 Bg7 4. Nc3 O-O 5. Nf3 d6 6. O-O c5 7. d4 cxd4 8. Nxd4
Nc6 9. Nxc6 bxc6 10. Bxc6 Rb8 11. Bg2 Qa5 12. Qd3 Bf5 13. e4 Be6 14. Nd5 Nxd5
15. exd5 Bf5 16. Qe2 h5 17. h3 Rfe8 18. g4 hxg4 19. hxg4 Bd7 20. Bf3 e6 21. dxe6
Rxe6 22. Qd3 Rbe8 23. Kg2 Qb6 24. Rb1 Bc6 25. Be3 Qb7 26. Bxc6 Qxc6+ 27. Qd5 Qd7
28. Bf4 Re4 29. Qxd6 Qxg4+ 30. Bg3 Be5 31. Qd1 Re2 32. Qd3 Bxg3 33. Qxg3 Qxc4
34. a3 R8e4 35. Rbc1 Qc8 36. Rxc8+ 1-0

[Event "Titled Tue 20th May Early"]
[Site "chess.com INT"]
[Date "2025.05.20"]
[Round "7"]
[White "Villalba, Marcelo"]
[Black "Amangeldy, Ernur"]
[Result "0-1"]
[WhiteTitle "IM"]
[BlackTitle "FM"]
[WhiteElo "2233"]
[BlackElo "2231"]
[WhiteFideId "3701859"]
[BlackFideId "13720244"]
[EventDate "2025.05.20"]

1. e4 c5 2. Nf3 d6 3. d4 cxd4 4. Nxd4 Nf6 5. Nc3 Bd7 6. Be2 e5 7. Nb3 Bc6 8. Bf3
Be7 9. O-O O-O 10. Be3 Nbd7 11. a4 a6 12. a5 Rc8 13. Qd2 Qc7 14. Rfd1 Rfd8 15.
Rac1 Qb8 16. Nd5 Bxd5 17. exd5 b5 18. axb6 Nxb6 19. Na5 e4 20. Be2 Nbxd5 21.
Bxa6 Rc7 22. Bc4 Nxe3 23. Qxe3 d5 24. Bf1 Bc5 25. Qg3 Bd6 26. Qh3 Qxb2 27. Rb1
Qe5 28. Nb7 Re8 29. Nxd6 Qxd6 30. c3 Qe5 31. Rd4 h6 32. Rbd1 Rec8 33. c4 dxc4
34. Qc3 Kh7 35. Rc1 Nd5 36. Rxd5 Qxd5 37. Qc2 c3 38. f3 Qd2 0-1

[Event "Titled Tue 20th May Early"]
[Site "chess.com INT"]
[Date "2025.05.20"]
[Round "7"]
[White "Poormosavi, Seyed Kian"]
[Black "Korchynskyi, Mykola"]
[Result "0-1"]
[WhiteTitle "IM"]
[BlackTitle "FM"]
[WhiteElo "2379"]
[BlackElo "2325"]
[WhiteFideId "12585807"]
[BlackFideId "34138005"]
[EventDate "2025.05.20"]

1. d4 Nf6 2. c4 e6 3. Nc3 d5 4. cxd5 exd5 5. Bg5 Be7 6. e3 h6 7. Bf4 O-O 8. Bd3
b6 9. Nf3 Bb7 10. O-O c5 11. dxc5 bxc5 12. Be2 Nbd7 13. Qc2 Rc8 14. Rfd1 Qb6 15.
Rac1 Rfd8 16. h3 a6 17. Na4 Qe6 18. Qb3 Bc6 19. Nc3 Ba8 20. Qa4 Rc6 21. Rd2 Nb6
22. Qa5 Rdc8 23. Bxa6 Nc4 24. Bxc4 dxc4 25. Nb5 Ra6 26. Qc3 Ne4 27. Qc2 Nxd2 28.
Nxd2 Qc6 0-1

[Event "Titled Tue 20th May Early"]
[Site "chess.com INT"]
[Date "2025.05.20"]
[Round "7"]
[White "Cunha, Lucas Aguiar"]
[Black "Savitha, Shri B"]
[Result "1-0"]
[WhiteTitle "FM"]
[BlackTitle "IM"]
[WhiteElo "2254"]
[BlackElo "2298"]
[WhiteFideId "2125404"]
[BlackFideId "35061887"]
[EventDate "2025.05.20"]

1. e4 c5 2. Nf3 Nc6 3. Nc3 e5 4. Bc4 d6 5. d3 Be7 6. Nd2 Nf6 7. Nf1 O-O 8. Ne3
Nd4 9. a4 Be6 10. b3 a6 11. O-O Rb8 12. Bd2 b5 13. Bxe6 fxe6 14. axb5 axb5 15.
Ra6 b4 16. Ne2 Qd7 17. Nxd4 exd4 18. Nc4 Qc7 19. Qa1 d5 20. e5 dxc4 21. exf6
Bxf6 22. bxc4 Be5 23. g3 b3 24. Rxe6 bxc2 25. Ba5 Rxf2 26. Bxc7 Rxf1+ 27. Qxf1
Bxc7 28. Re2 Rb1 29. Re8# 1-0

[Event "Titled Tue 20th May Early"]
[Site "chess.com INT"]
[Date "2025.05.20"]
[Round "7"]
[White "Souleidis, Georgios"]
[Black "Wijerathna, Vinuka Dihain"]
[Result "1-0"]
[WhiteTitle "IM"]
[BlackTitle "CM"]
[WhiteElo "2418"]
[BlackElo "2063"]
[WhiteFideId "4206827"]
[BlackFideId "29981905"]
[EventDate "2025.05.20"]

1. e4 e5 2. Nc3 Nf6 3. d4 exd4 4. Qxd4 Nc6 5. Qd3 Bb4 6. Bd2 O-O 7. O-O-O Re8 8.
Nge2 Ne5 9. Qg3 a5 10. Bg5 Ng6 11. f3 c6 12. h4 h6 13. h5 hxg5 14. hxg6 fxg6 15.
Qxg5 Kf7 16. Nf4 Bxc3 17. Qxg6+ Kf8 18. Rh8+ Ng8 19. Qh7 1-0

[Event "Titled Tue 20th May Early"]
[Site "chess.com INT"]
[Date "2025.05.20"]
[Round "7"]
[White "Altynbek, Aiaru"]
[Black "Jaskolka, Tomasz"]
[Result "1-0"]
[WhiteTitle "WFM"]
[BlackTitle "CM"]
[WhiteElo "1977"]
[BlackElo "2200"]
[WhiteFideId "13752472"]
[BlackFideId "1170791"]
[EventDate "2025.05.20"]

1. d4 g6 2. c4 Bg7 3. Nf3 c5 4. g3 cxd4 5. Nxd4 Nc6 6. Nxc6 bxc6 7. Bg2 Nf6 8.
O-O O-O 9. Nc3 Qc7 10. Bf4 e5 11. Be3 d6 12. Qa4 Bd7 13. Rfd1 Ng4 14. Bg5 Qb6
15. c5 Qxc5 16. Ne4 Qb6 17. h3 f5 18. hxg4 fxe4 19. Be3 Qxb2 20. Rab1 Qxe2 21.
Rxd6 Bxg4 22. Rb7 Bh6 23. Qb3+ Kh8 24. Qc3 Rae8 25. Bxh6 Rxf2 26. Bg7+ Kg8 27.
Qb3+ Be6 28. Qxe6+ Rxe6 29. Rd8+ Re8 30. Rxe8+ Rf8 31. Rxf8# 1-0

[Event "Titled Tue 20th May Early"]
[Site "chess.com INT"]
[Date "2025.05.20"]
[Round "7"]
[White "Sobek, Jaroslav"]
[Black "Onur, Cigdem"]
[Result "1-0"]
[WhiteTitle "FM"]
[BlackTitle "WCM"]
[WhiteElo "2195"]
[BlackElo "1966"]
[WhiteFideId "301388"]
[BlackFideId "6346030"]
[EventDate "2025.05.20"]

1. d4 d5 2. c4 c6 3. Nf3 Nf6 4. Nc3 dxc4 5. a4 Bf5 6. e3 e6 7. Bxc4 Bb4 8. O-O
O-O 9. Nh4 Bg4 10. f3 Bh5 11. g4 Bg6 12. Ng2 Nbd7 13. Qb3 a5 14. e4 e5 15. dxe5
Nxe5 16. Be2 Qb6+ 17. Be3 Qc7 18. Rad1 Rad8 19. Rxd8 Rxd8 20. Rd1 h5 21. h3 hxg4
22. hxg4 Rxd1+ 23. Qxd1 Bxc3 24. bxc3 Nfd7 25. f4 Bxe4 26. fxe5 Nxe5 27. Bf4
Nf3+ 28. Bxf3 Qxf4 29. Nxf4 Bxf3 30. Qxf3 1-0